| 000 | 00614cam a22001574a 4500 | ||
|---|---|---|---|
| 020 | _a9693521293 | ||
| 082 |
_a954.91 _bAZI _cN-02,P-100 |
||
| 100 | 1 |
_aAziz, Khursheed Kamal. _95467 |
|
| 245 | 1 | 0 |
_aBritain and Pakistan : _ba study of British attitude towards the East Pakistan crisis of 1971 / _cby K.K. Aziz. |
| 260 |
_aLahore : _bSang-e-Meel Publications, _c2008. |
||
| 300 |
_a402 p. ; _c24 cm. |
||
| 500 | _aOriginally published: Islamabad : University of Islamabad Press, 1974. | ||
| 526 |
_a0 _b0 _c0 _d954_910000000000000_AZI |
||
| 650 |
_ahistory -Muslim india - Pakistan _bPolitics _951819 |
||
| 942 |
_2ddc _cBK |
||
| 999 |
_c554366 _d554366 |
||